| 000 | 02224nas a2200289 454500 | ||
|---|---|---|---|
| 001 | 7541 | ||
| 005 | 20260407193504.0 | ||
| 008 | 260407s1954####ag###########|||spa#d | ||
| 003 | AR-UNSa-BCEJYS | ||
| 040 |
_aAR-UNSa-BCEJYS _bspa _cAR-UNSa-BCEJYS |
||
| 080 |
_a338 _xSituación económica. Política económica. Gestión de la economía. Planificación de la economía. Producción. Servicios. Precios |
||
| 245 | 1 | 0 |
_aEconómica _pRevista de la Facultad de Ciencias Económicas |
| 022 | _a0013-0419 | ||
| 264 | 1 |
_aLa Plata : _bUniversidad Nacional de la Plata. Facultad de Ciencias Económicas _c1954 |
|
| 310 | _aFrecuencia: Irregular Cambia de Dir. a partir del Nº 34 por Benigno Rodríguez Meitín Cambia de Dir. a partir del Nº 39 por Armando V.Lago Cambia de Dir. a partir del Nº 3 año XIV por Mario L.Szychowski | ||
| 505 | _aDe 1952 a 1955 la Universidad se llamó Universidad Nacional Eva Perón, cuando la ciudad de La Plata, pasó a denominarse Ciudad Eva Perón. Económica es una revista científica de interés general y publicación anual, fundada en 1954 y editada por la Facultad de Ciencias Económicas de la Universidad Nacional de La Plata. Siguiendo un proceso de referato anónimo con árbitros externos, Económica publica artículos de excelencia académica en todos los campos de la economía. Desde su fundación y hasta 2007 se editó en formato tradicional con edición impresa. A partir de 2008, el formato de edición on-line reemplazó al sistema anterior. En la actualidad se mantiene una edición impresa limitada principalmente para su distribución a bibliotecas, universidades y otras instituciones académicas. Otros usuarios particulares e institucionales son invitados a acceder gratuitamente a la versión on-line. Comienza | ||
| 041 | _aspa | ||
| 942 | _cSER | ||
| 590 | _aniveau_biblio:s niveau_hierar:1 | ||
| 100 | 1 | _aPopescu, Oreste | |
| 700 | 1 | _aUniversidad Nacional de la Plata. Facultad de Ciencias Económicas | |
| 650 | _aCiclo económico | ||
| 650 | _aCondiciones económicas | ||
| 650 | _aPolítica económica | ||
| 650 | _aPolítica fiscal | ||
| 856 | 4 | 1 |
_uhttps://biblioeco.unsa.edu.ar/pmb/images/revistas/Economica.jpg _yImagen de portada _qimage/jpeg |
| 999 |
_c8437 _d8437 |
||